000 00541pab a2200205 454500
008 180718b2004 xxu||||| |||| 00| 0 eng d
100 _aChand Ramesh
245 _aWTO and oilseeds sector: challenges of trade liberalisation
260 _c2004
300 _ap.533-37.
362 _a7 Feb
650 _aLiberalization
650 _aTrade
650 _aWorld Trade Organization
650 _aPetroleum industry
700 _aMittal, Surabhi
700 _aJha, Dayanatha
773 _aEconomic and Political Weekly
909 _a59498
999 _c59498
_d59498